000
00249 a2200097 4500
001
55251
100
_a
245
_a
How Bush Rules ; chronicles of a radical regime
260
_a
Oxford
_b
Princeton, New jersay
_c
2006
090
_c
34213
_d
34213
942
_a
NUST-CAE
_c
MONOGRAPH
_c
26907
999
_c
290324
_d
290324